Panamá: los motivos de Bush /
Na minha lista:
| Autor principal: | |
|---|---|
| Formato: | Texto |
| Assuntos: | |
| Tags: |
Adicionar Tag
Sem tags, seja o primeiro a adicionar uma tag!
|
MARC
| LEADER | 00000 a a2200000 04500 | ||
|---|---|---|---|
| 001 | 10442 | ||
| 003 | |||
| 040 | |||
| 100 | |a Córdova-Claure, Ted | ||
| 245 | |a Panamá: |b los motivos de Bush / |c Ted Córdova-Claure | ||
| 650 | |a INTERVENCION EXTRANJERA | ||
| 650 | |a DEMOCRACIA | ||
| 650 | |a FUERZAS ARMADAS | ||
| 650 | |a POLITICA | ||
| 650 | |a GEOGRAFIA | ||
| 650 | |a RELACIONES INTERNACIONALES | ||
| 650 | |a TRAFICO DE DROGAS | ||
| 650 | |a GOBIERNO | ||
| 773 | |g número 106; páginas 12-17 | ||
| 999 | |c 21333 |d 21333 | ||
